[Event "26. Copenhagen Open  (Politiken Cup)"]
[Site "Taastrup"]
[Date "2004.07.28"]
[Round "6"]
[White "Lavrsen, Frands Winther"]
[Black "Svanholm, Borge Waaktaar"]
[Result "0-1"]
[WhiteElo "1772"]
[BlackElo "2052"]
[PlyCount "104"]
[EventDate "2004.07.24"]
[EventType "swiss"]
[EventRounds "10"]
[EventCountry "DEN"]
[SourceDate "2004.01.01"]

1. f4 d5 2. Nf3 c5 3. e3 Nf6 4. b3 g6 5. Bb2 Bg7 6. Be2 Nc6 7. O-O Bg4 8. a4
O-O 9. Qe1 e6 10. d3 Nb4 11. Na3 Qe7 12. h3 Bxf3 13. Bxf3 Rac8 14. Rd1 Rfd8 15.
Qh4 Rd7 16. Qf2 Nc6 17. e4 Nxe4 18. dxe4 Bxb2 19. Nb5 a6 20. c3 axb5 21. Qxb2
dxe4 22. Rxd7 Qxd7 23. axb5 exf3 24. bxc6 Rxc6 25. Rxf3 Rd6 26. Qf2 Rd1+ 27.
Kh2 b6 28. Qe3 Qd6 29. Qe4 h5 30. Kg3 Kf8 31. Kh2 Ke7 32. Kg3 Qd5 33. Qa4 Kf6
34. Qe8 Qxb3 35. f5 gxf5 36. Qh8+ Ke7 37. Qxh5 Qd5 38. Qg5+ Kd7 39. Qf6 Qd6+
40. Kf2 Qd2+ 41. Kg3 Qd6+ 42. Kf2 Qe7 43. Qh8 Qg5 44. Qf8 Qh4+ 45. g3 Qe7 46.
Qb8 Qd6 47. Qb7+ Ke8 48. Re3 Rd2+ 49. Ke1 Rb2 50. Re2 Qxg3+ 51. Kd1 Qd3+ 52.
Kc1 Rb1# 0-1

[Event "26. Copenhagen Open  (Politiken Cup)"]
[Site "Taastrup"]
[Date "2004.07.28"]
[Round "6"]
[White "Lie, Kjetil A"]
[Black "Fedorov, Aleksander"]
[Result "1/2-1/2"]
[WhiteElo "2459"]
[BlackElo "2620"]
[PlyCount "129"]
[EventDate "2004.07.24"]
[EventType "swiss"]
[EventRounds "10"]
[EventCountry "DEN"]
[SourceDate "2004.01.01"]

1. c4 g6 2. g3 Bg7 3. Bg2 c5 4. Nc3 Nc6 5. a3 a5 6. Nf3 e5 7. d4 cxd4 8. Nb5 d6
9. e3 Nge7 10. exd4 O-O 11. O-O a4 12. Re1 Nf5 13. Bg5 Qb6 14. d5 Ncd4 15.
Nfxd4 Nxd4 16. Nxd4 exd4 17. Rc1 Bf5 18. g4 Bd7 19. Re7 Rad8 20. Qf3 h6 21. Bf4
Qxb2 22. Rce1 Qc3 23. Qxc3 dxc3 24. Bxd6 Bxg4 25. c5 c2 26. Rc1 Bd1 27. Rxb7
Rxd6 28. cxd6 Be5 29. Be4 Bf4 30. Bxc2 Bxc1 31. Bxd1 Bxa3 32. d7 Rd8 33. Bxa4
Kf8 34. Rb3 Bc5 35. Rc3 Bb6 36. Rc6 Ba5 37. d6 Kg7 38. Rc4 f5 39. Rc5 Bb4 40.
Rc8 Ba5 41. Rc2 Bb4 42. Re2 Bxd6 43. Re8 Bc7 44. Kf1 g5 45. Ke2 g4 46. Kd3 h5
47. Kc4 h4 48. Kd5 Kf7 49. Kc5 h3 50. Bb3+ Kf6 51. Kc6 Ba5 52. Re6+ Kg5 53. Re5
Bc3 54. Re8 Ba5 55. Kd6 Kf6 56. Re6+ Kg5 57. Re5 Bb6 58. Kc6 Bxf2 59. Re8 Bb6
60. Kd6 Kf6 61. Re6+ Kg5 62. Re8 Kf6 63. Re6+ Kg5 64. Re8 Kf6 65. Re6+ 1/2-1/2

[Event "26. Copenhagen Open  (Politiken Cup)"]
[Site "Taastrup"]
[Date "2004.07.28"]
[Round "6"]
[White "Lund-Petersen, Rasmus"]
[Black "Pedersen, Audun"]
[Result "1/2-1/2"]
[WhiteElo "1678"]
[BlackElo "2034"]
[PlyCount "44"]
[EventDate "2004.07.24"]
[EventType "swiss"]
[EventRounds "10"]
[EventCountry "DEN"]
[SourceDate "2004.01.01"]

1. d4 d5 2. c4 c6 3. Nf3 Nf6 4. Nc3 e6 5. e3 Nbd7 6. Qc2 Bd6 7. Bd3 O-O 8. O-O
dxc4 9. Bxc4 e5 10. e4 exd4 11. Nxd4 Ne5 12. Be2 Ng6 13. Nf5 Bf4 14. Be3 Qc7
15. g3 Bxe3 16. Nxe3 Re8 17. Rad1 Be6 18. Ncd5 Qd8 19. Nf4 Qe7 20. Nxe6 Qxe6
21. f3 Ne5 22. Bc4 Nxc4 1/2-1/2

[Event "26. Copenhagen Open  (Politiken Cup)"]
[Site "Taastrup"]
[Date "2004.07.28"]
[Round "6"]
[White "Lynge, Torben"]
[Black "Scherwin, Claes"]
[Result "1/2-1/2"]
[WhiteElo "1916"]
[BlackElo "1444"]
[PlyCount "125"]
[EventDate "2004.07.24"]
[EventType "swiss"]
[EventRounds "10"]
[EventCountry "DEN"]
[SourceDate "2004.01.01"]

1. e4 c5 2. Bc4 Nc6 3. Nc3 d6 4. Nf3 Bg4 5. Bxf7+ Kxf7 6. Ng5+ Ke8 7. Qxg4 Nf6
8. Qd1 Qd7 9. d3 g6 10. Nf3 Bg7 11. Be3 Rf8 12. h3 e6 13. Qd2 Rf7 14. Rb1 Qc7
15. Nb5 Qe7 16. O-O a6 17. Nc3 Bh8 18. Bg5 Qc7 19. Rfe1 Nd7 20. Bh4 Kf8 21. Ng5
Re7 22. Bg3 Kg8 23. f4 h6 24. Nf3 Nd4 25. Nxd4 Bxd4+ 26. Kh1 Kh7 27. f5 Be5 28.
fxg6+ Kxg6 29. Bxe5 Nxe5 30. Rf1 Rf7 31. Ne2 Raf8 32. Rxf7 Qxf7 33. Ng3 Qf2 34.
Qxf2 Rxf2 35. Rc1 b5 36. Kg1 Rd2 37. Kf1 c4 38. Ne2 cxd3 39. Nf4+ Kf6 40. cxd3
Rxb2 41. d4 Nc4 42. a4 Ra2 43. axb5 axb5 44. g4 Rh2 45. Kg1 Rd2 46. d5 e5 47.
Nh5+ Kg5 48. Rc3 Re2 49. Ng3 Re3 50. Rxe3 Nxe3 51. Kf2 Kf4 52. Nf5 Nc4 53. Nxh6
b4 54. Ke2 b3 55. Kd1 b2 56. Kc2 b1=Q+ 57. Kxb1 Nd2+ 58. Kc2 Nxe4 59. Nf7 Nf6
60. Nxd6 Nxd5 61. Nf5 Kg5 62. Kd3 Nf4+ 63. Ke4 1/2-1/2

[Event "26. Copenhagen Open  (Politiken Cup)"]
[Site "Taastrup"]
[Date "2004.07.28"]
[Round "6"]
[White "Manley, Christian"]
[Black "Trarup, Jorgen"]
[Result "0-1"]
[WhiteElo "1670"]
[BlackElo "1378"]
[PlyCount "106"]
[EventDate "2004.07.24"]
[EventType "swiss"]
[EventRounds "10"]
[EventCountry "DEN"]
[SourceDate "2004.01.01"]

1. c4 e5 2. Nc3 Nc6 3. g3 Nf6 4. Bg2 Bc5 5. Nf3 O-O 6. d3 d5 7. cxd5 Nxd5 8.
O-O Nxc3 9. bxc3 Bg4 10. h3 Bf5 11. Qa4 Re8 12. Nh4 Bd7 13. Qc4 Be7 14. Nf3 Rb8
15. Kh2 Be6 16. Qa4 Bf6 17. Ng1 Bd5 18. Bd2 Bxg2 19. Kxg2 e4 20. d4 Qd5 21. Kh2
h5 22. Be3 Be7 23. c4 Qd8 24. d5 Ne5 25. Rab1 b6 26. Rb2 h4 27. Rc2 Bd6 28. Bd4
Qg5 29. Bxe5 Bxe5 30. Qa3 hxg3+ 31. fxg3 Bd4 32. h4 Qg6 33. Qxa7 Be5 34. Qa3 e3
35. Qxe3 Qxc2 36. Qf3 Re7 37. Nh3 Bd4 38. Nf4 Rbe8 39. Kh3 Qf5+ 40. g4 Qe4 41.
Qg3 Be5 42. e3 Bxf4 43. Rxf4 Qxe3 44. Rf3 Qe2 45. Rf2 Qe1 46. Qg2 Re3+ 47. Kh2
Re2 48. Kg3 R8e3+ 49. Kh2 Rxf2 50. d6 Rxg2+ 51. Kxg2 Rg3+ 52. Kh2 Qf2+ 53. Kh1
Rg1# 0-1

[Event "26. Copenhagen Open  (Politiken Cup)"]
[Site "Taastrup"]
[Date "2004.07.28"]
[Round "6"]
[White "Mathiesen, Erik"]
[Black "Baark, Mathias"]
[Result "0-1"]
[WhiteElo "2112"]
[BlackElo "1811"]
[PlyCount "87"]
[EventDate "2004.07.24"]
[EventType "swiss"]
[EventRounds "10"]
[EventCountry "DEN"]
[SourceDate "2004.01.01"]

1. e4 d5 2. exd5 Qxd5 3. d4 Nc6 4. c3 Nf6 5. Qf3 Bf5 6. Qxd5 Nxd5 7. Bb5 Bd7 8.
Nf3 f6 9. O-O O-O-O 10. Re1 Re8 11. Bd2 e6 12. a3 Nb8 13. Bd3 Bc6 14. c4 Nb6
15. Nc3 Bxf3 16. gxf3 N6d7 17. Nb5 a6 18. Na7+ Kd8 19. Be4 c6 20. b4 Kc7 21. d5
Ne5 22. Bf4 Bd6 23. dxc6 bxc6 24. b5 f5 25. Nxc6 Nxc4 26. Nxb8 Rxb8 27. Bxd6+
Kxd6 28. Bd3 Ne5 29. Be2 axb5 30. Rad1+ Ke7 31. Kg2 Ng6 32. Kg3 Rhc8 33. Bd3
Kf6 34. Rb1 Rc3 35. Bxb5 Rxa3 36. Be2 Rbb3 37. Rxb3 Rxb3 38. Bc4 Rb6 39. f4 Rc6
40. Ba2 Rc3+ 41. f3 e5 42. fxe5+ Nxe5 43. Bd5 g5 44. Kf2 0-1

[Event "26. Copenhagen Open  (Politiken Cup)"]
[Site "Taastrup"]
[Date "2004.07.28"]
[Round "6"]
[White "Miezis, Normunds"]
[Black "Hansen, Lars Bo"]
[Result "1/2-1/2"]
[WhiteElo "2502"]
[BlackElo "2572"]
[PlyCount "95"]
[EventDate "2004.07.24"]
[EventType "swiss"]
[EventRounds "10"]
[EventCountry "DEN"]
[SourceDate "2004.01.01"]

1. c4 e6 2. e4 d5 3. exd5 exd5 4. d4 Nf6 5. Nf3 Bb4+ 6. Nc3 O-O 7. Be2 dxc4 8.
Bxc4 Re8+ 9. Be3 Be6 10. Bxe6 Rxe6 11. O-O Nbd7 12. Bg5 h6 13. Bh4 c6 14. Qb3
Qb6 15. Na4 Qa5 16. Bxf6 Nxf6 17. Ne5 Rd8 18. Rad1 Bd6 19. Nf3 Nd5 20. g3 Qb4
21. Qxb4 Nxb4 22. Nc3 Be7 23. Rfe1 Rxe1+ 24. Nxe1 Bf6 25. a3 Nd5 26. Ne4 Re8
27. Nxf6+ Nxf6 28. Kf1 Nd5 29. Nc2 f6 30. Re1 Rd8 31. Ne3 Kf7 32. Ke2 h5 33.
Rc1 h4 34. Kf3 hxg3 35. hxg3 Nc7 36. Rd1 Ke6 37. Ke4 Nb5 38. a4 Nc7 39. g4 Nd5
40. Rc1 Kf7 41. Nxd5 Rxd5 42. b4 a6 43. f4 g6 44. f5 Kg7 45. Rc5 Rxc5 46. bxc5
g5 47. d5 Kf7 48. d6 1/2-1/2

[Event "26. Copenhagen Open  (Politiken Cup)"]
[Site "Taastrup"]
[Date "2004.07.28"]
[Round "6"]
[White "Moller, Arne"]
[Black "Bjerke, Silje"]
[Result "0-1"]
[WhiteElo "1936"]
[BlackElo "2094"]
[PlyCount "52"]
[EventDate "2004.07.24"]
[EventType "swiss"]
[EventRounds "10"]
[EventCountry "DEN"]
[SourceDate "2004.01.01"]

1. e4 c5 2. Nf3 d6 3. d4 Nf6 4. Nc3 cxd4 5. Nxd4 a6 6. Be2 e5 7. Nb3 Be7 8. O-O
O-O 9. Be3 Nbd7 10. Kh1 b5 11. f3 Bb7 12. a3 Rc8 13. Rc1 Nb6 14. Bxb6 Qxb6 15.
Bd3 g6 16. Ne2 d5 17. Ng3 h5 18. exd5 Nxd5 19. Re1 h4 20. Ne4 Nf4 21. g3 Nh5
22. Kg2 f5 23. Nf2 e4 24. fxe4 fxe4 25. Nxe4 Rf2+ 26. Kh1 hxg3 0-1

[Event "26. Copenhagen Open  (Politiken Cup)"]
[Site "Taastrup"]
[Date "2004.07.28"]
[Round "6"]
[White "Mortensen, Erling"]
[Black "Tadjerbashi, Amir"]
[Result "1-0"]
[WhiteElo "2455"]
[BlackElo "2095"]
[PlyCount "91"]
[EventDate "2004.07.24"]
[EventType "swiss"]
[EventRounds "10"]
[EventCountry "DEN"]
[SourceDate "2004.01.01"]

1. e4 e5 2. Nf3 Nc6 3. Bb5 a6 4. Ba4 Nf6 5. O-O Be7 6. Re1 b5 7. Bb3 O-O 8. h3
Bb7 9. d3 d6 10. a3 Na5 11. Ba2 c5 12. Nbd2 Re8 13. Nf1 Bf8 14. Bg5 h6 15. Bxf6
Qxf6 16. Ne3 Nc6 17. Bd5 Reb8 18. a4 Qd8 19. Nh2 g6 20. Qf3 Qe7 21. c3 Bg7 22.
h4 Qf6 23. Qg3 h5 24. Nf3 Ne7 25. Bxb7 Rxb7 26. axb5 Rxb5 27. Nc4 Bh6 28. Ra2
a5 29. Rea1 Nc6 30. Ng5 Qe7 31. Rf1 Rd8 32. Ne3 Qb7 33. f4 Rxb2 34. Rxb2 Qxb2
35. f5 Qd2 36. Nd5 Bxg5 37. hxg5 a4 38. fxg6 fxg6 39. Qf3 Qxg5 40. Qf7+ Kh8 41.
Qc7 h4 42. Nf6 Qh6 43. Ng4 Qh5 44. Rf7 h3 45. Nf6 h2+ 46. Kh1 1-0

[Event "26. Copenhagen Open  (Politiken Cup)"]
[Site "Taastrup"]
[Date "2004.07.28"]
[Round "6"]
[White "Munk, Poul"]
[Black "Joensen, Hjalmar"]
[Result "1-0"]
[WhiteElo "1992"]
[BlackElo "1618"]
[PlyCount "93"]
[EventDate "2004.07.24"]
[EventType "swiss"]
[EventRounds "10"]
[EventCountry "DEN"]
[SourceDate "2004.01.01"]

1. c4 e5 2. Nc3 d6 3. g3 f5 4. Bg2 Nf6 5. e4 c6 6. d4 Be7 7. dxe5 dxe5 8. Qxd8+
Bxd8 9. Nf3 Bc7 10. O-O O-O 11. Re1 Re8 12. exf5 Bxf5 13. Ng5 h6 14. Nge4 Nbd7
15. h3 Rad8 16. Be3 Nxe4 17. Nxe4 Bb6 18. Nd6 Rf8 19. Nxb7 Rb8 20. Bxc6 Bxh3
21. Bxb6 Nxb6 22. b3 Rf6 23. Bh1 Rbf8 24. Re2 Bg4 25. Rd2 R6f7 26. c5 Nc8 27.
Bd5 Bf3 28. Bxf7+ Kxf7 29. Nd6+ Nxd6 30. Rxd6 Bg4 31. Ra6 Rc8 32. Rxa7+ Ke6 33.
Rxg7 Bf3 34. b4 h5 35. Kf1 Kd5 36. Ke1 Kc4 37. Kd2 Rd8+ 38. Ke1 Kxb4 39. Rc1
Kb5 40. Rf7 Bc6 41. Rf6 Rc8 42. Rh6 Bf3 43. c6 Bxc6 44. Rcxc6 Rxc6 45. Rxc6
Kxc6 46. Ke2 Kd5 47. Ke3 1-0

[Event "26. Copenhagen Open  (Politiken Cup)"]
[Site "Taastrup"]
[Date "2004.07.28"]
[Round "6"]
[White "Naes, Flovin Tor"]
[Black "Rasmussen, Karsten"]
[Result "1-0"]
[WhiteElo "2269"]
[BlackElo "2470"]
[PlyCount "119"]
[EventDate "2004.07.24"]
[EventType "swiss"]
[EventRounds "10"]
[EventCountry "DEN"]
[SourceDate "2004.01.01"]

1. e4 c5 2. c3 d5 3. exd5 Qxd5 4. d4 g6 5. Be3 cxd4 6. Qxd4 Nf6 7. Nf3 Nc6 8.
Qa4 Bg7 9. Bc4 Qh5 10. Nbd2 O-O 11. O-O Nd5 12. Bxd5 Qxd5 13. Rfd1 Qh5 14. Ne4
b5 15. Qa3 Ne5 16. Nxe5 Qxe5 17. f3 Qc7 18. Rd5 Qb7 19. Qb3 a6 20. Nc5 Qc7 21.
Qb4 Rb8 22. Rad1 a5 23. Qh4 b4 24. Bf4 e5 25. Bg5 bxc3 26. bxc3 Qb6 27. Qf2 Bf5
28. g4 Be6 29. Rd6 Qb2 30. Qxb2 Rxb2 31. Be7 Re8 32. Rd8 Rb8 33. Rxb8 Rxb8 34.
Nxe6 fxe6 35. Rd8+ Rxd8 36. Bxd8 a4 37. c4 Kf7 38. Kf2 Ke8 39. Ba5 e4 40. fxe4
Be5 41. h3 Kd7 42. Bb4 Bf4 43. Ke2 Kc6 44. Kd3 Be5 45. Kc2 Bf6 46. Kd3 Be5 47.
Bc3 Bf4 48. Kd4 Bd6 49. Ba5 Bg3 50. Bb4 Bf4 51. e5 Bc1 52. Kc3 a3 53. Kc2 Bb2
54. Bc3 Kc5 55. Bxb2 axb2 56. Kxb2 Kxc4 57. g5 Kd4 58. a4 Kxe5 59. Kc3 Kd5 60.
Kd3 1-0

[Event "26. Copenhagen Open  (Politiken Cup)"]
[Site "Taastrup"]
[Date "2004.07.28"]
[Round "6"]
[White "Nielsen, Borge Hjerrild"]
[Black "Frisk, Hans"]
[Result "1-0"]
[WhiteElo "2097"]
[BlackElo "1960"]
[PlyCount "73"]
[EventDate "2004.07.24"]
[EventType "swiss"]
[EventRounds "10"]
[EventCountry "DEN"]
[SourceDate "2004.01.01"]

1. d4 d5 2. c4 c6 3. cxd5 cxd5 4. Nc3 e5 5. dxe5 d4 6. Ne4 Nc6 7. Nf3 Bf5 8.
Ng3 Bg6 9. a3 Bc5 10. Bd2 a5 11. Qb3 Nge7 12. e4 dxe3 13. Bxe3 a4 14. Qc3 Bxe3
15. Qxe3 Qa5+ 16. Qc3 Nd5 17. Qxa5 Rxa5 18. Bc4 Nb6 19. Be2 Nxe5 20. O-O O-O
21. Nxe5 Rxe5 22. f4 Rxe2 23. Nxe2 Bd3 24. Rf2 Nd5 25. Rd1 Bc4 26. g3 Ne3 27.
Rd4 b5 28. Nc3 Re8 29. Rfd2 Kf8 30. Rd8 Nf5 31. Rxe8+ Kxe8 32. g4 Ne3 33. h3
Nf1 34. Rd6 Ke7 35. Rb6 Ne3 36. Kf2 Kd7 37. Kxe3 1-0

[Event "26. Copenhagen Open  (Politiken Cup)"]
[Site "Taastrup"]
[Date "2004.07.28"]
[Round "6"]
[White "Nielsen, Rasmus Lundberg"]
[Black "Andersen, Daniel"]
[Result "1/2-1/2"]
[WhiteElo "1760"]
[BlackElo "2044"]
[PlyCount "58"]
[EventDate "2004.07.24"]
[EventType "swiss"]
[EventRounds "10"]
[EventCountry "DEN"]
[SourceDate "2004.01.01"]

1. e4 e6 2. d4 d5 3. Nc3 Nf6 4. e5 Nfd7 5. f4 c5 6. Nf3 Nc6 7. Be3 a6 8. Be2 b5
9. O-O Qb6 10. dxc5 Bxc5 11. Bxc5 Nxc5 12. Kh1 b4 13. Nb1 a5 14. Nbd2 Ba6 15.
Qe1 Bxe2 16. Qxe2 O-O 17. Qf2 Nd7 18. Qh4 Nd4 19. c3 bxc3 20. bxc3 Nxf3 21.
Nxf3 Rfc8 22. Qg5 h6 23. Qh5 Qe3 24. f5 exf5 25. Qxf5 Nc5 26. Rae1 Qxc3 27. Ng5
hxg5 28. Qxf7+ Kh8 29. Qh5+ Kg8 1/2-1/2

[Event "26. Copenhagen Open  (Politiken Cup)"]
[Site "Taastrup"]
[Date "2004.07.28"]
[Round "6"]
[White "Nilsson, Nils Specht"]
[Black "Mortensen, Jan T"]
[Result "0-1"]
[WhiteElo "2140"]
[BlackElo "2028"]
[PlyCount "124"]
[EventDate "2004.07.24"]
[EventType "swiss"]
[EventRounds "10"]
[EventCountry "DEN"]
[SourceDate "2004.01.01"]

1. e4 e6 2. d4 d5 3. Nc3 h6 4. Be3 Bb4 5. e5 c5 6. a3 Ba5 7. f4 Qb6 8. b4 cxb4
9. Nb5 Bd7 10. Nd6+ Kf8 11. Kf2 Qc7 12. Rb1 Nc6 13. Bd3 Nge7 14. Ne2 Nc8 15. c3
Nxd6 16. exd6 Qxd6 17. axb4 Bb6 18. Rf1 Ne7 19. Kg1 Nf5 20. Bf2 h5 21. Ra1 Rc8
22. Qd2 Rh6 23. Kh1 Qe7 24. Ng1 Nd6 25. Be3 Nf5 26. Rfe1 Qe8 27. Bf2 Nd6 28.
Nf3 Bb5 29. Ne5 Bxd3 30. Qxd3 Ne4 31. Rxe4 dxe4 32. Qxe4 Rxc3 33. Qxb7 Rc7 34.
Qe4 Qc8 35. Nd3 Qb7 36. Qxb7 Rxb7 37. g3 Rd7 38. Nc5 Rd5 39. Kg2 Ke7 40. Kf3
Rh8 41. Ke4 Rb8 42. Ra2 Ke8 43. Kd3 Bxc5 44. bxc5 Rb7 45. Kc4 Kd7 46. Be1 Kc8
47. Ra6 Rb1 48. Bc3 Kb7 49. Ra2 h4 50. Rf2 h3 51. g4 Rg1 52. f5 Rxg4 53. fxe6
fxe6 54. Rf7+ Kb8 55. Kb5 Rf5 56. Re7 Rgf4 57. Kc6 Rf8 58. d5 Rc8+ 59. Kb5 Rf5
60. Ka6 Rxc5 61. Re8+ Rc8 62. Re7 Rxc3 0-1

[Event "26. Copenhagen Open  (Politiken Cup)"]
[Site "Taastrup"]
[Date "2004.07.28"]
[Round "6"]
[White "Olsen, Aage Dalstrup"]
[Black "Wilsbeck, Jan Borge"]
[Result "1-0"]
[WhiteElo "2098"]
[BlackElo "1973"]
[PlyCount "63"]
[EventDate "2004.07.24"]
[EventType "swiss"]
[EventRounds "10"]
[EventCountry "DEN"]
[SourceDate "2004.01.01"]

1. e4 c5 2. d4 cxd4 3. c3 dxc3 4. Nxc3 e6 5. Nf3 Nc6 6. Bc4 a6 7. O-O Nge7 8.
Be3 b5 9. Bb3 Ng6 10. Qe2 Be7 11. Rfd1 O-O 12. Rac1 Qc7 13. Qd2 Qb8 14. a3 b4
15. Na4 bxa3 16. Nb6 axb2 17. Qxb2 Bf6 18. Qc2 Nd4 19. Bxd4 Bxd4 20. Nxa8 Bf6
21. Nc7 Bd8 22. Ba4 Nf4 23. g3 Ng6 24. Bxd7 Bb7 25. Qc4 Bxc7 26. Qxc7 Bxe4 27.
Qxb8 Rxb8 28. Bc6 Bf5 29. Nd4 Bh3 30. Bg2 Bxg2 31. Kxg2 Ne7 32. Nc6 1-0

[Event "26. Copenhagen Open  (Politiken Cup)"]
[Site "Taastrup"]
[Date "2004.07.28"]
[Round "6"]
[White "Onstad, Lars H"]
[Black "Laursen, Niels Norskov"]
[Result "0-1"]
[WhiteElo "1778"]
[BlackElo "2097"]
[PlyCount "66"]
[EventDate "2004.07.24"]
[EventType "swiss"]
[EventRounds "10"]
[EventCountry "DEN"]
[SourceDate "2004.01.01"]

1. d4 Nf6 2. c4 c5 3. d5 e6 4. Nc3 exd5 5. cxd5 d6 6. e4 g6 7. Nf3 a6 8. a4 Bg4
9. Be2 Bxf3 10. Bxf3 Nbd7 11. Bf4 Qe7 12. O-O Bg7 13. Re1 O-O 14. g3 Ne8 15.
Qd2 Nc7 16. Bg2 b5 17. axb5 Nxb5 18. Nxb5 axb5 19. h4 Ne5 20. Qe2 c4 21. Rab1
Nd3 22. Red1 Nxf4 23. gxf4 Qxh4 24. Qf3 Bh6 25. f5 Bg7 26. Bh3 Rfe8 27. Re1 Re7
28. Re2 Ra2 29. Bg2 Be5 30. Rbe1 Rea7 31. Qe3 R7a6 32. fxg6 hxg6 33. Rf1 Qh2#
0-1

[Event "26. Copenhagen Open  (Politiken Cup)"]
[Site "Taastrup"]
[Date "2004.07.28"]
[Round "6"]
[White "Overmark, Ole"]
[Black "Frisk, Ellinor"]
[Result "1/2-1/2"]
[WhiteElo "1653"]
[BlackElo "2007"]
[PlyCount "125"]
[EventDate "2004.07.24"]
[EventType "swiss"]
[EventRounds "10"]
[EventCountry "DEN"]
[SourceDate "2004.01.01"]

1. Nf3 d5 2. d4 Nf6 3. c4 c6 4. Nc3 e6 5. cxd5 exd5 6. a3 Bf5 7. Bg5 Be7 8. e3
h6 9. Bh4 O-O 10. Bd3 Bxd3 11. Qxd3 Nbd7 12. O-O Re8 13. Rac1 Rc8 14. b4 a6 15.
Na4 Ne4 16. Bxe7 Qxe7 17. Nc5 Rb8 18. Nxd7 Qxd7 19. Ne5 Qe6 20. Qe2 Nf6 21.
Rfe1 Nd7 22. Nxd7 Qxd7 23. Rc3 Re7 24. f3 Rbe8 25. Qc2 Qd6 26. Qf2 f5 27. f4
Re4 28. Kf1 Qe7 29. g3 Qe6 30. Re2 Qd6 31. Re1 Qd8 32. Rd3 Qb6 33. Qc2 Qb5 34.
Kf2 R8e7 35. Re2 a5 36. Rb3 axb4 37. Rxb4 Qa6 38. Qb3 Kh7 39. Ra4 Qb5 40. Qxb5
cxb5 41. Rb4 Rd7 42. Rxb5 Re6 43. Reb2 Ra6 44. R2b3 Kg6 45. Ke2 Kf6 46. Kd3 Ke6
47. Kc3 Rc7+ 48. Kb2 Rac6 49. Rb6 Kd7 50. Rxc6 bxc6 51. a4 Ra7 52. Ra3 Kd6 53.
Kc3 c5 54. dxc5+ Kxc5 55. h3 Ra5 56. Kb3 Ra6 57. a5 Re6 58. Kc3 Rxe3+ 59. Kb2
Re2+ 60. Kc1 Kb4 61. Rd3 Kc4 62. Ra3 Kb4 63. Rd3 1/2-1/2

[Event "26. Copenhagen Open  (Politiken Cup)"]
[Site "Taastrup"]
[Date "2004.07.28"]
[Round "6"]
[White "Pedersen, Thomas"]
[Black "Lauritsen, Martin Lee"]
[Result "1/2-1/2"]
[WhiteElo "1712"]
[BlackElo "2040"]
[PlyCount "189"]
[EventDate "2004.07.24"]
[EventType "swiss"]
[EventRounds "10"]
[EventCountry "DEN"]
[SourceDate "2004.01.01"]

1. e4 c5 2. f4 Nc6 3. Nf3 e6 4. Bb5 d5 5. Qe2 a6 6. Bxc6+ bxc6 7. d3 Nf6 8. c4
Be7 9. O-O Rb8 10. Nc3 d4 11. Na4 O-O 12. b3 Qc7 13. Ng5 h6 14. Nf3 Nd7 15. Bd2
a5 16. Rf2 Ra8 17. g4 e5 18. f5 Kh7 19. Qf1 Qd8 20. Qh3 f6 21. Rg2 Rh8 22. g5
fxg5 23. Bxg5 Kg8 24. Bxe7 Qxe7 25. Nh4 Rh7 26. Ng6 Qf6 27. Qg3 Bb7 28. Rf1 Kf7
29. Nh4 Rhh8 30. Qh3 Rhg8 31. Rg6 Qe7 32. Rf3 Nf8 33. f6 gxf6 34. Rxg8 Kxg8 35.
Nf5 Qh7 36. Nxh6+ Kh8 37. Rg3 Ng6 38. Qh5 Rg8 39. Nb6 Rg7 40. Kf1 Nf8 41. Qe8
Qxh6 42. Qxf8+ Kh7 43. Rxg7+ Qxg7 44. Qxg7+ Kxg7 45. Kf2 Kg6 46. Kg3 Kg5 47.
Kf3 Kh4 48. Nd7 Bc8 49. Nxf6 Kh3 50. Ke2 Kxh2 51. Ne8 Kg3 52. Nd6 Ba6 53. Nf7
Kf4 54. a4 Bc8 55. Nd8 Bg4+ 56. Kd2 Bc8 57. Nf7 Bb7 58. Nd6 Ba6 59. Ke2 Kg5 60.
Kf3 Kf6 61. Kg4 Ke6 62. Nf5 Bc8 63. Kg5 Bd7 64. Ng7+ Kf7 65. Nf5 Ke6 66. Nh6
Be8 67. Ng4 Bd7 68. Nf6 Bc8 69. Ng4 Kd6 70. Nf2 Bd7 71. Kf6 Be6 72. Kg6 Ke7 73.
Kg5 Bf7 74. Ng4 Kd6 75. Nh6 Be8 76. Nf5+ Kd7 77. Kg4 Bf7 78. Kg5 Be8 79. Ng7
Bf7 80. Nf5 Kc7 81. Ng7 Kd7 82. Kf6 Bg8 83. Kxe5 Ke7 84. Nf5+ Kd7 85. Kf6 Be6
86. e5 Bxf5 87. Kxf5 Ke7 88. e6 Ke8 89. Ke4 Kf8 90. Kf4 Ke8 91. Kg5 (91. Kf5
$18) 91... Ke7 92. Kf5 Ke8 93. Kf6 Kf8 94. e7+ Ke8 95. Ke6 1/2-1/2

[Event "26. Copenhagen Open  (Politiken Cup)"]
[Site "Taastrup"]
[Date "2004.07.28"]
[Round "6"]
[White "Pozzo, Sebastian"]
[Black "Laato, Tuomas"]
[Result "1-0"]
[WhiteElo "1650"]
[BlackElo "1394"]
[PlyCount "73"]
[EventDate "2004.07.24"]
[EventType "swiss"]
[EventRounds "10"]
[EventCountry "DEN"]
[SourceDate "2004.01.01"]

1. d4 d5 2. Nf3 Bg4 3. Ne5 Bf5 4. Nd2 f6 5. Nd3 Nc6 6. e3 e5 7. c3 Bd6 8. Nb3
Nge7 9. Ndc5 b6 10. Nb7 Qd7 11. Nxd6+ cxd6 12. a4 Qe6 13. a5 bxa5 14. Nxa5 Nxa5
15. Rxa5 O-O 16. Be2 Nc6 17. Ra6 Nb8 18. Ra3 Nd7 19. O-O Nb6 20. Ba6 Kh8 21. b3
Qf7 22. Qe2 Bc8 23. Bb5 Bd7 24. Ba6 Bc8 25. Qa2 Bxa6 26. Rxa6 Rfc8 27. Bd2 Rc7
28. Rxb6 axb6 29. Qxa8+ Qg8 30. Qxg8+ Kxg8 31. dxe5 dxe5 32. Ra1 d4 33. exd4
exd4 34. cxd4 b5 35. Rc1 Rd7 36. Be3 f5 37. g3 1-0

[Event "26. Copenhagen Open  (Politiken Cup)"]
[Site "Taastrup"]
[Date "2004.07.28"]
[Round "6"]
[White "Prakken, Gerrit"]
[Black "Harstad, Christian"]
[Result "1-0"]
[WhiteElo "2265"]
[BlackElo "2140"]
[PlyCount "87"]
[EventDate "2004.07.24"]
[EventType "swiss"]
[EventRounds "10"]
[EventCountry "DEN"]
[SourceDate "2004.01.01"]

1. d4 Nf6 2. Nf3 g6 3. c4 Bg7 4. g3 d5 5. cxd5 Nxd5 6. Bg2 Nb6 7. Nc3 Nc6 8. e3
O-O 9. O-O e5 10. d5 Na5 11. e4 c6 12. Bg5 f6 13. Be3 Nac4 14. Bc5 Re8 15. b3
Nd7 16. Bxa7 Qa5 17. bxc4 Qxc3 18. Qb3 Qa5 19. Be3 c5 20. Bd2 Qc7 21. a4 f5 22.
Bc3 Nf6 23. Nd2 g5 24. exf5 Bxf5 25. Rfe1 e4 26. Qb2 Ra6 27. a5 h5 28. Nf1 h4
29. Ne3 Bg6 30. Bh3 hxg3 31. hxg3 g4 32. Nxg4 Nxg4 33. Bxg4 Bh6 34. Kg2 e3 35.
f3 Bd3 36. Qb5 Re7 37. Rh1 Rg6 38. Rh4 e2 39. Re1 Bf5 40. Rxh6 Rxh6 41. Bxf5
Rh5 42. Bg4 Rg5 43. Qb6 Qb8 44. Qf6 1-0

[Event "26. Copenhagen Open  (Politiken Cup)"]
[Site "Taastrup"]
[Date "2004.07.28"]
[Round "6"]
[White "Preuss, Flemming"]
[Black "Laato, Antti"]
[Result "0-1"]
[WhiteElo "2044"]
[BlackElo "2210"]
[PlyCount "120"]
[EventDate "2004.07.24"]
[EventType "swiss"]
[EventRounds "10"]
[EventCountry "DEN"]
[SourceDate "2004.01.01"]

1. e4 c5 2. Nf3 e6 3. d4 cxd4 4. Nxd4 Nf6 5. Nc3 d6 6. Bc4 a6 7. Bb3 Nbd7 8.
Be3 Nc5 9. f3 b5 10. Qd2 Bd7 11. g4 Be7 12. g5 Nh5 13. O-O-O g6 14. Rdf1 Qb8
15. Nde2 a5 16. Ng3 a4 17. Bd5 exd5 18. Nxd5 Be6 19. Bd4 Bxd5 20. Nxh5 gxh5 21.
exd5 Rg8 22. Re1 Kd7 23. h4 Qc7 24. Kb1 Qb7 25. Rh2 Rae8 26. Rhe2 Bd8 27. Bxc5
dxc5 28. Qd3 Rxe2 29. Rxe2 Kc8 30. a3 Rg6 31. d6 Qd7 32. Rd2 Bb6 33. Qd5 Kb8
34. f4 Re6 35. Rd1 Re3 36. f5 Ka7 37. Rf1 Qb7 38. Qd1 Qe4 39. Qxh5 Qc4 40. Rc1
b4 41. Qxh7 bxa3 42. g6 Qb4 43. Qxf7+ Ka6 44. Qa2 Re1 45. c4 Rxc1+ 46. Kxc1
Qe1+ 47. Kc2 Qe2+ 48. Kc1 Qf1+ 49. Kd2 Ba5+ 50. Ke3 Qh3+ 51. Ke4 Qxh4+ 52. Kd5
Qd4+ 53. Ke6 axb2 54. f6 Qe4+ 55. Kf7 b1=Q 56. Qxb1 Qxb1 57. g7 Qh7 58. Kf8 Qh6
59. Kf7 Qh5+ 60. Kf8 Qg5 0-1